<?xml version="1.0" encoding="UTF-8"?>
<record
    xmlns:xsi="http://www.w3.org/2001/XMLSchema-instance"
    xsi:schemaLocation="http://www.loc.gov/MARC21/slim http://www.loc.gov/standards/marcxml/schema/MARC21slim.xsd"
    xmlns="http://www.loc.gov/MARC21/slim">

  <leader>00393nam a2200133Mu 4500</leader>
  <datafield tag="040" ind1=" " ind2=" ">
    <subfield code="c">DEBSZ</subfield>
  </datafield>
  <datafield tag="082" ind1=" " ind2=" ">
    <subfield code="a">571 SN 2010 A081 Or.</subfield>
  </datafield>
  <datafield tag="100" ind1="1" ind2=" ">
    <subfield code="a">Fokuhl, Verena</subfield>
  </datafield>
  <datafield tag="245" ind1="1" ind2="0">
    <subfield code="a">Biologie allergen-spezifischer Plasmazellen in einem Mausmodell f&#xA9;&#x1A1;r allergisches Asthma /</subfield>
  </datafield>
  <datafield tag="260" ind1=" " ind2=" ">
    <subfield code="a">[S.l. :</subfield>
    <subfield code="b">s.n.],</subfield>
    <subfield code="c">2010</subfield>
  </datafield>
  <datafield tag="300" ind1=" " ind2=" ">
    <subfield code="a">68 S. :</subfield>
    <subfield code="b">graph. Darst</subfield>
  </datafield>
  <datafield tag="710" ind1="2" ind2=" ">
    <subfield code="a">Freie Universit&#xA9;&#xDE;t Berlin</subfield>
  </datafield>
  <datafield tag="942" ind1=" " ind2=" ">
    <subfield code="c">EK</subfield>
  </datafield>
  <datafield tag="999" ind1=" " ind2=" ">
    <subfield code="c">15928</subfield>
    <subfield code="d">15928</subfield>
  </datafield>
  <datafield tag="952" ind1=" " ind2=" ">
    <subfield code="0">0</subfield>
    <subfield code="1">0</subfield>
    <subfield code="4">0</subfield>
    <subfield code="6">571_000000000000000_SN_2010_A081_OR</subfield>
    <subfield code="7">0</subfield>
    <subfield code="9">69695</subfield>
    <subfield code="a">LBA</subfield>
    <subfield code="b">LBA</subfield>
    <subfield code="c">A081</subfield>
    <subfield code="d">2017-12-18</subfield>
    <subfield code="o">571 SN 2010 A081 Or.</subfield>
    <subfield code="p">A10335</subfield>
    <subfield code="r">2017-12-18</subfield>
    <subfield code="w">2017-12-18</subfield>
    <subfield code="y">EK</subfield>
  </datafield>
</record>
